| 000 | 01572nam0a22003731i 4500 | ||
|---|---|---|---|
| 001 | RU\NLR\bibl\2012837 | ||
| 005 | 20260406052653.0 | ||
| 010 |
_a9785918960417 _92000 |
||
| 021 |
_aRU _b2013-13094 _9935 |
||
| 035 | _a(NLR Aleph) 002001329 | ||
| 090 |
_a4363420 _c4363420 |
||
| 100 | _a20130318d2013 u y0rusy50 ca | ||
| 101 | 1 |
_arus _cmul |
|
| 102 | _aRU | ||
| 105 | _aa ||||||||| | ||
| 200 | 1 |
_aГермес Трисмегист и герметическая традиция Востока и Запада _e[сборник _fсост., коммент., пер. с дренегреч., лат., фр., англ., нем., пол. К. Богуцкого] |
|
| 205 | _aИзд. 2-е | ||
| 210 |
_aМосква _cНовый Акрополь _d2013 |
||
| 215 |
_a625, [1] с. _cил. _d21 |
||
| 225 | 1 | _aТрадиция, религия, культура | |
| 327 | 1 | _aСодерж.: разд.: Высокий герметизм; Низкий герметизм; Герметические штудии | |
| 606 |
_aГерметизм _92558696 _3RU\NLR\auth\661513669 |
||
| 686 | _aЭ391,0 | ||
| 686 | _aЮ215 | ||
| 702 | 1 |
_4220 _8rus _7ca _aБогуцкий _bК. Б. _gКонстантин Б. _3RU\NLR\auth\777595 _9117528 |
|
| 801 | 0 |
_aRU _bNLR _c20130318 _gRCR |
|
| 801 | 1 |
_aRU _bNLR _c20130318 |
|
| 852 |
_aNLR _bОЛСАА-сл-спр _j2-5362 |
||
| 942 | _cBOOK | ||
| 980 | _aNBR | ||
| 980 | 1 | _aSL_SPR | |